Earthbound Characters - Statistics

General Stats
  • This quiz has been taken 85 times
  • The average score is 26 of 47
Answer Stats
Hint Answer % Correct
Fly from the future Buzz Buzz
90%
Your neighbour and main antagonist of the Mother series Pokey Minch
87%
Main protagonist Ness
85%
Only party member who can't use PSI Jeff
84%
Prince of Dalaam Poo
84%
Poo's Master Poo's Master
84%
She can use telepathy to call upon others for help Paula
82%
Father of #14 Paula's dad
82%
Mother of #14 Paula's mom
82%
Little brother of #4 Picky Minch
82%
Creator of the Phase Distorter and father of #28 Dr. Andonuts
73%
You feel homesick if you don't call her enough Mom
73%
Possible ET that live in the valley near threed. BOING! Mr. Saturn
73%
Only interacted with by phone Dad
72%
Inventor of the Pensil Eraser, and later of the Eraser Eraser Apple kid
70%
The more popular of the two inventors in Twoson Orange kid
70%
Both a dungeon and a man Dungeon Man
69%
He loves fly honey Master Belch
63%
Onett's local street gang The Sharks
61%
Leader of Onett's local street gang Frank Fly
60%
Best friend and roommate of #28 Tony
60%
Main protagonist's dog King
58%
Blues band regularly deep in debt Runaway Five
58%
Leader of the cult Carpainter
57%
Friendly monster who helps #28 cross a lake in Winters Tessie
57%
Small animal who loves gum and accompanies #28 through Winters Bubble Monkey
54%
Half bird half humen who accompany you in Magicant Flying Men
54%
Cultists who all paint their house in blue Happy Happyists
51%
Father of #1 and #4 Aloysius Minch
48%
Works part time at Escargo Express Tracy
48%
Main singer at the Topolla Theater Venus
48%
They're shy… Tenda tribesmen
46%
Commander of #11 Captain Strong
43%
Squashes the fly from the future Lardna Minch
43%
Mayor of Fourside under the influence of the Mani Mani Statue Geldegarde Monotoli
40%
He wishes to become a dungeon Brickroad
36%
Burglin Park owner Mr. Everdred
36%
Treasure hunter Lier X. Agerate
34%
Mayor of Onett B. H. Pirkle
33%
Four of them will battle you, while the fith one will chicken out Onett police force
28%
An older, more experienced student at the Snow Wood Boarding House Maxwell
22%
Leader of the monkeys in the desert Talah Rama
22%
Learns PK Starstorm to the Prince of Dalaam Star Master
16%
Group of scientists who spend most of their time looking for #24 Tessie-Watching Club
13%
Brother of #32 who gives you the big diamond George Montague
7%
Construction worker looking for treasures in the desert Gerardo Montague
7%
Warrior at the far south of Scaraba Noble warrior
7%
No matching quizzes found
Score Distribution
Percent of People with Each Score
Percentile by Number Answered
Your Score History
You have not taken this quiz